000 00534nam a2200181 i 4500
001 92509
003 ES-MaACL
005 20230906181004.0
007 t|
008 050310s1968 sp ||||1| spa d
100 1 _aLinvill, John G.
_972469
245 1 0 _aModelos de transistores y diodos /
_cJonh G. Linvill; traducido por Dámaso Alvarez Rizo.
260 _aMadrid :
_bParaninfo,
_c1968.
300 _a208 p. ;
_c22 cm.
700 1 _aAlvarez Rizo, Dámaso.
_9212017
852 _aES-MaACL
_jC-34085
_bR.64594
999 _c92509
_d92509